Welcome to the Holygrace Academy Library

Please use search bar below to get started

TOUGH LUCK CARRIE (Record no. 2463)

MARC details
000 -LEADER
fixed length control field 00314nam a22001337a 4500
020 ## - INTERNATIONAL STANDARD BOOK NUMBER
ISBN 0-330-35125-7
082 ## - DEWEY DECIMAL CLASSIFICATION NUMBER
Classification number 823
Item number AND/C
100 ## - MAIN ENTRY--AUTHOR NAME
Personal name ANDREWS, KATE
245 ## - TITLE STATEMENT
Title TOUGH LUCK CARRIE
260 ## - PUBLICATION, DISTRIBUTION, ETC. (IMPRINT)
Place of publication GREAT BRITAIN
Name of publisher MACMILLAN CHILDREN'S BOOK
Year of publication 1998
300 ## - PHYSICAL DESCRIPTION
Number of Pages 135
650 ## - SUBJECT ADDED ENTRY--TOPICAL TERM
Topical Term NOVEL
Geographic subdivision UNITED KINGDOM
942 ## - ADDED ENTRY ELEMENTS (KOHA)
Koha item type Books
Holdings
Withdrawn status Lost status Collection code Home library Current library Shelving location Date acquired Source of acquisition Full call number Accession Number Koha item type
    Reference Main Library Main Library SHELF 1-J-ENGLISH NOVELS FOR TEACHERS 09/03/2002 purchase 823 AND/C 00187 Books